000
00280nam a22001217a 4500
999
_c
14073
_d
14073
082
_a
954
100
_a
G. M. D. Sufi
245
_a
Kashir : Being A History of Kashmir
250
_a
Vol: I
260
_a
Lahore
_b
University of the Panjab
_c
2005
300
_a
350 pages
942
_c
BK